000 00283nam a2200109Ia 4500
008 220204s9999 xx 000 0 und d
082 _a336.741.237.1
_bCOA
100 _aCOATES, Robert C
245 0 _aDemand for money by firms
260 _aNew York
_bMarcel Dekker
_c1976
942 _cBK
999 _c25548
_d25548